Diccionario de psicología / (Record no. 15196)

MARC details
000 -CABECERA
campo de control de longitud fija 00814nam a2200253 a 4500
005 - FECHA Y HORA DE LA ÚLTIMA TRANSACCIÓN
campo de control 20210223121307.0
008 - ELEMENTOS DE LONGITUD FIJA--INFORMACIÓN GENERAL
campo de control de longitud fija 991125s1985 bar 000 0 spa u
020 ## - NÚMERO INTERNACIONAL NORMALIZADO PARA LIBROS
Número Internacional Estándar del Libro 8425410266
035 ## - NÚMERO DE CONTROL DEL SISTEMA
Número de control de sistema UPN01000015196
049 ## - COLECCIÓN
Colección C
050 #4 - SIGNATURA TOPOGRÁFICA DE LA BIBLIOTECA DEL CONGRESO
Número de clasificación BF31 D6.38
Número de documento/Ítem 1985
100 1# - ASIENTO PRINCIPAL--NOMBRE PERSONAL
Nombre de persona Dorsch, Friedrich
245 10 - MENCIÓN DE TÍTULO
Título Diccionario de psicología /
Mención de responsabilidad, etc. Friedrich Dorsch ; con la colab. de C. Becker-Carus... [et. al.] ; tr. Diorki
260 ## - PUBLICACIÓN, DISTRIBUCIÓN, ETC.
Lugar de publicación, distribución, etc. Barcelona (Esp.) :
Nombre del editor, distribuidor, etc. Herder,
Fecha de publicación, distribución, etc. 1985
300 ## - DESCRIPCIÓN FÍSICA
Extensión x,1030 p.
505 ## - NOTA DE CONTENIDO CON FORMATO PREESTABLECIDO
Nota de contenido con formato Contiene: cuadro de colaboradores
520 ## - NOTA DE RESUMEN, ETC.
Sumario, etc. "Con dos apéndices de tests y bibliográficos"
650 #4 - ASIENTO SECUNDARIO DE MATERIA - TERMINO TEMATICO
Término de materia o nombre geográfico como elemento de entrada PSICOLOGIA -
Subdivisión de forma DICCIONARIOS
9 (RLIN) 15045
700 2# - ASIENTO SECUNDARIO--NOMBRE DE PERSONAL
Nombre de persona Be
Fechas asociadas al nombre cker-Carus,
Término indicativo de función/relación colab.
902 ## - ELEMENTOS DE DATOS B LOCAL, LDB (RLIN)
Creó MEM MARIA ELENA MARTINEZ
902 ## - ELEMENTOS DE DATOS B LOCAL, LDB (RLIN)
Creó ULISES MORALES MARTINEZ
904 ## - ELEMENTOS DE DATOS D LOCAL, LDD (RLIN)
a AC
b 015197
905 ## - TIPO DE MATERIAL
Tipo de material Libro
Holdings
Estado de retiro Estado de pérdida Fuente del sistema de clasificación o colocación Estado dañado No para préstamo Código de colección Localización permanente Ubicación/localización actual Ubicación en estantería Fecha de adquisición Enumeración/cronología de publicación seriada Clasificación Código de barras Fecha visto por última vez Número de copia Tipo de ítem Koha
    Library of Congress Classification   En restauración Consulta Bib. Gregorio Torres Quintero Bib. Gregorio Torres Quintero Sala de lectura Sótano 09/04/2024 - BF31 D6.38 1985 79860 31/12/2020 1 Libro